MARC

LEADER 00000nam0a2200000 4500
001 75659
005 20231031091003.0
020 |a RU  |b 85-18280 
035 |a (RuTPU)RU\TPU\book\80724 
090 |a 75659 
100 |a 20050331d1985 k a0rusy5003 ca 
101 1 |a rus  |c eng 
102 |a RU 
105 |a a z 001zy 
200 1 |a Распознавание образов: состояние и перспективы  |f К. Верхаген, Р. Дейн, Ф. Грун и др.  |g Пер. с англ. Н. Г. Гуревич 
210 |a Москва  |c Радио и связь  |d 1985 
215 |a 103 с.  |c ил.  |d 20 см 
305 |a Перевод изд.: Progress report on pattern recognition / C. J. D. M. Verhagen, R. P. W. Duin, F. C. A. Groen et al. (1980) 
320 |a Библиогр.: с. 96-102. 
610 0 |a Распознавание образов 
610 1 |a вычислительная техника 
610 1 |a распознавание образов 
610 1 |a прикладные задачи 
610 1 |a тенденции 
610 1 |a перспективы 
675 |a 681.327.12  |z rus 
701 1 |a Верхаген  |b К. 
701 1 |a Дёйн  |b Р. 
701 1 |a Грун  |b Ф. 
701 1 |a Йостен  |b Й. 
701 1 |a Вербек  |b П. 
702 1 |a Гуревич  |b И. Б.  |g Игорь Борисович  |4 340 
801 0 |a RU  |b RuMRKP  |c 19950704  |g psbo 
801 1 |a RU  |b 63413507  |c 20050331  |g PSBO 
801 2 |a RU  |b 63413507  |c 20160831  |g PSBO 
942 |c BK